000 00430nam a2200157 i 4500
001 52521
003 ES-MaACL
005 20230906162610.0
007 t|
008 030901s1906 xxk ||||1| eng d
100 1 _aDavies, T. R.
_942924
245 1 0 _aFrench romanticism and the press the globe /
_cby T.R. Davies.
260 _aCambridge :
_bUniversity Press,
_c1906.
300 _a224 p. ;
_c19 cm.
852 _aES-MaACL
_jD-2061
999 _c52521
_d52521